Power consumption differentials in Madhya Pradesh (Record no. 73320)

000 -LEADER
fixed length control field 00449pab a2200169 454500
008 - FIXED-LENGTH DATA ELEMENTS--GENERAL INFORMATION
fixed length control field 180718b2006 xxu||||| |||| 00| 0 eng d
100 ## - MAIN ENTRY--PERSONAL NAME
Personal name Yadav, M.S.
245 ## - TITLE STATEMENT
Title Power consumption differentials in Madhya Pradesh
260 ## - PUBLICATION, DISTRIBUTION, ETC.
Date of publication, distribution, etc. 2006
300 ## - PHYSICAL DESCRIPTION
Extent p.53-63.
650 ## - SUBJECT ADDED ENTRY--TOPICAL TERM
Topical term or geographic name entry element Madhya Pradesh - Power industries
650 ## - SUBJECT ADDED ENTRY--TOPICAL TERM
Topical term or geographic name entry element Power industries
700 ## - ADDED ENTRY--PERSONAL NAME
Personal name Yadav, H.S.
773 ## - HOST ITEM ENTRY
Main entry heading Indian Journal of Regional Science
908 ## - PUT COMMAND PARAMETER (RLIN)
Put command parameter N
909 ## -
-- 73320
Holdings
Withdrawn status Lost status Damaged status Not for loan Permanent Location Current Location Date acquired Serial Enumeration / chronology Barcode Date last seen Price effective from Koha item type
        Indian Institute of Public Administration Indian Institute of Public Administration 2018-07-19 Volume no: 38, Issue no: 2 AR73780 2018-07-19 2018-07-19 Articles

Powered by Koha